| 000 | 00569 a2200157 4500 | ||
|---|---|---|---|
| 020 | _a9780596517960 | ||
| 082 | _a346.73048 | ||
| 090 |
_c7233 _d7233 |
||
| 100 | _aLindberg, Van | ||
| 245 |
_aIntellectual Property and Open Source _bA Practical guide to protecting Code _cLindberg, Van |
||
| 260 |
_aUSA _bO'Reilly Media Inc. _c2008 |
||
| 300 |
_axv, 371 p. _c25 cm. |
||
| 500 | _aIncludes bibliographical references and index. | ||
| 650 | _a1. Intellectual Property--United States. 2. Computer Networks--Law and Legislation--United States. | ||
| 942 |
_cBK _k346.73048 LIN |
||
| 999 |
_c11036 _d11036 |
||